| 000 | 00484nam a2200133 a 4500 | ||
|---|---|---|---|
| 008 | 120416s1966 ||||||||||||||||| || u | ||
| 050 | _aHF 5415.2 Gre | ||
| 100 | _aGreen, Paul E | ||
| 245 | 1 | 0 | _aResearch for marketing decisions |
| 260 |
_aEnglewood Cliffs _bFT Prentice-Hall _c1966 |
||
| 300 | _avii, 532p. : ill. | ||
| 350 | _a0.00 | ||
| 995 |
_D0.00 _FCBU-MAIN LIBRARY (Kitwe) _H1 _I6.50 _M1 _UDAMAGED _ZMain Library Open Access Collection |
||
| 999 |
_c56301 _d56301 |
||